Techniques of zero base budgeting (Record no. 517941)

MARC details
000 -LEADER
fixed length control field 00660nam a2200229Ia 4500
003 - CONTROL NUMBER IDENTIFIER
control field OSt
005 - DATE AND TIME OF LATEST TRANSACTION
control field 20220925191309.0
008 - FIXED-LENGTH DATA ELEMENTS--GENERAL INFORMATION
fixed length control field 220923b |||||||| |||| 00| 0 eng d
037 ## - SOURCE OF ACQUISITION
Terms of availability General Book
040 ## - CATALOGING SOURCE
Original cataloging agency RTL
Transcribing agency RTL
Language of cataloging eng
041 ## - LANGUAGE CODE
Source of code eng
Language code of text/sound track or separate title eng
100 ## - MAIN ENTRY--PERSONAL NAME
Personal name JOSHI P L
9 (RLIN) 241496
245 #0 - TITLE STATEMENT
Title Techniques of zero base budgeting
Remainder of title Text and Cases
260 ## - PUBLICATION, DISTRIBUTION, ETC.
Place of publication, distribution, etc. Bombay
Name of publisher, distributor, etc. Himalaya Publishing House India
Date of publication, distribution, etc. 1988
300 ## - PHYSICAL DESCRIPTION
Extent 261p
Dimensions cm.
700 ## - ADDED ENTRY--PERSONAL NAME
Personal name RAJA V P
9 (RLIN) 241497
942 ## - ADDED ENTRY ELEMENTS (KOHA)
Classification part X71:8.2.N8, M8
Koha item type General Books
Source of classification or shelving scheme Colon Classification (CC)

No items available.

Copyright @ Delhi University Library System